| 000 -LEADER |
| fixed length control field |
00750nam a22001337a 4500 |
| 040 ## - CATALOGING SOURCE |
| Transcribing agency |
RUA |
| 082 ## - DEWEY DECIMAL CLASSIFICATION NUMBER |
| Classification number |
AVM HUY 2011 B098 Or.1 |
| 100 ## - MAIN ENTRY--AUTHOR NAME |
| Personal name |
HUY PHY |
| 245 ## - TITLE STATEMENT |
| Title |
Effectiveness of antibiotics on diarrhea of suckling piglet at top chantha farm at dangkor district, phnom penh, (ប្រសិទ្ធភាពរបស់អង់ទីប៊ីយ៉ូទិចទៅលើជំងឺរាកកូនជ្រូក នៅកសិកដ្ឋាន តុប ចន្ថា នៅខណ្ឌដង្កោ រាជធានីភ្នំពេញ) |
| 260 ## - PUBLICATION, DISTRIBUTION, ETC. (IMPRINT) |
| Place of publication |
phnom penh |
| Name of publisher |
rua |
| Year of publication |
2011 |
| 300 ## - PHYSICAL DESCRIPTION |
| Number of Pages |
viii, 38p. |
| Other physical details |
ill. |
| Dimensions |
29cm. |
| 856 ## - ELECTRONIC LOCATION AND ACCESS |
| Uniform Resource Identifier |
https://drive.google.com/file/d/1zhinFDjaU-SHN9LhN5RucwwuGL6ad872/view?usp=sharing |
| 942 ## - ADDED ENTRY ELEMENTS (KOHA) |
| Koha item type |
AVM |
| 952 ## - LOCATION AND ITEM INFORMATION (KOHA) |
| Withdrawn status [LOCAL, KOHA] |
0 |
| 952 ## - LOCATION AND ITEM INFORMATION (KOHA) |
| Withdrawn status [LOCAL, KOHA] |
0 |
| 952 ## - LOCATION AND ITEM INFORMATION (KOHA) |
| Withdrawn status [LOCAL, KOHA] |
0 |
| 952 ## - LOCATION AND ITEM INFORMATION (KOHA) |
| Withdrawn status [LOCAL, KOHA] |
0 |